000 00439cam a2200181ua 4500
020 _c6.50
041 _aeng
_h
082 _a510
_bDUR/GE
100 _aDurrel, Clement V .
245 _aGeneral mathematics vol-2 /
_cClement V Durrel.
_hTextual Documents
250 _a1 /
_b.
260 _aLondon :
_bOrient-Longman Ltd ,
_c1963.
300 _a364 ; .
365 _a6.50
504 _a
942 _cBK
999 _c9502
_d9502